|
|
|
|
| LEADER |
01154nam a2200301 a 4500 |
| 001 |
1492 |
| 003 |
BD-DhAAL |
| 005 |
20150311094156.0 |
| 008 |
150311s1993 iluab b 001 0 eng |
| 010 |
|
|
|a 92011278
|
| 020 |
|
|
|a 0256106525
|
| 040 |
|
|
|a DLC
|c DLC
|d DLC
|d BD-DhAAL
|
| 050 |
0 |
0 |
|a HD62.4
|b .B34 1993
|
| 082 |
0 |
0 |
|a 658/.049
|2 20
|
| 100 |
1 |
|
|a Ball, Donald A.
|9 9340
|
| 245 |
1 |
0 |
|a International business :
|b introduction and essentials /
|c Donald A. Ball, Wendell H. McCulloch, Jr.
|
| 250 |
|
|
|a 5th ed.
|
| 260 |
|
|
|a Homewood, IL :
|b Irwin,
|c c1993.
|
| 300 |
|
|
|a xxiii, 852 p. :
|b ill. (some col.), maps ;
|c 26 cm.
|
| 504 |
|
|
|a Includes bibliographical references and indexes.
|
| 541 |
|
|
|e 1492
|
| 650 |
|
0 |
|a International business enterprises
|x Management.
|9 9341
|
| 650 |
|
0 |
|a International business enterprises.
|9 9342
|
| 650 |
|
0 |
|a International economic relations.
|9 7636
|
| 700 |
1 |
|
|a McCulloch, Wendell H.
|9 9343
|
| 942 |
|
|
|2 ddc
|c BK
|
| 999 |
|
|
|c 33962
|d 33962
|
| 952 |
|
|
|0 0
|1 0
|2 ddc
|4 0
|6 658_049000000000000_BAL
|7 0
|9 53006
|a SCL
|b SCL
|c GEN
|d 2015-03-11
|e Gift: The Asia Foundation
|l 2
|m 2
|o 658.049 BAL
|p 3020001492
|r 2024-02-28
|s 2024-02-12
|t 1
|w 2015-03-11
|y BK
|